• 首页
  • 本馆介绍
  • 公告通知
  • 最新文献
  • 馆藏检索
  • 电子资源
  • 读者导购
  • 参考咨询
  • 我的图书馆
  • 登录
  • 详细信息显示
  • 放入我的书架
  • 预约/预借图书
  • 作者相关作品
  • 分类相关作品
  • 丛书相关作品
  • 出版社相关作品

书目信息

  • 表格格式
  • 工作单格式
  • 卡片格式
题名:
肌肉健美训练图解
    
 
作者: 陈林鑫 编著
分册:  
出版信息: 北京   北京联合出版公司  2021
页数: 119页
开本: 21cm
丛书名:
单 册:
中图分类: G883-64
科图分类:
主题词: 健美运动--图解
电子资源:
ISBN: 978-7-5596-5270-6
000 00929nam0 2200229 450
001 012001001852
005 20141203090203.0
010    @a978-7-5596-5270-6@dCNY38.00
100    @a20220905d2021 em y0chiy50 ea
101 0  @achi
102    @aCN@b110000
105    @aa z 000yy
106    @ar
200 1  @a肌肉健美训练图解@e适合中国人体质的肌肉训练书@f陈林鑫编著@Aji rou jian mei xun lian tu jie
210    @a北京@c北京联合出版公司@d2021
215    @a119页@d21cm
330    @a本书针对中国男性的体质特征,从认识自己的肌肉开始,逐步对胸肌、背肌、肩膀、手臂、腹肌、股四头肌和小腿肌、臀肌群和腿后肌群等部位的训练进行了介绍,并对每一个训练动作进行了真人分步图示,对训练中要特别注意的问题进行了提示,对饮食在肌肉训练中的合理搭配和运动结束后的放松运动也有所提及。
606 0  @a健美运动@j图解
690    @aG883-64@v5
701  0 @a陈林鑫@4编著@Achen lin xin
801  0 @aCN@bAHXH@c20221111
905    @b1376177-81@dG883-64@e248@f5
    
    肌肉健美训练图解:适合中国人体质的肌肉训练书/陈林鑫编著.-北京:北京联合出版公司,2021
    119页;21cm
    
    
    ISBN 978-7-5596-5270-6:CNY38.00
    本书针对中国男性的体质特征,从认识自己的肌肉开始,逐步对胸肌、背肌、肩膀、手臂、腹肌、股四头肌和小腿肌、臀肌群和腿后肌群等部位的训练进行了介绍,并对每一个训练动作进行了真人分步图示,对训练中要特别注意的问题进行了提示,对饮食在肌肉训练中的合理搭配和运动结束后的放松运动也有所提及。
●
相关链接 在E读中查询图书 在五车中查询图书 在当当中查询图书 在豆瓣中查询图书


正题名:肌肉健美训练图解     索取号:G883-64/248         预约/预借

序号 登录号 条形码 馆藏地/架位号 状态 备注
1 1376177   213761776   第一样本阅览室/ [索取号:G883-64/248] 在馆    
2 1376178   213761785   教育系资料室/ [索取号:G883-64/248] 在馆    
3 1376179   213761794   教育系资料室/ [索取号:G883-64/248] 在馆    
4 1376180   213761801   第四借阅区/ [索取号:G883-64/248] 在馆    
5 1376181   213761810   第四借阅区/ [索取号:G883-64/248] 在馆    
唐山师范学院图书馆 欢迎您!
大连网信软件有限公司© 版权所有